[Event "Belgrade Premier League"]
[Site "Belgrade SCG"]
[Date "2005.10.07"]
[Round "5"]
[White "Ivanovic,N"]
[Black "Zivkovic,S"]
[Result "1/2-1/2"]
[WhiteElo "2190"]
[BlackElo "2280"]

1.d4 Nf6 2.c4 g6 3.Nc3 d5 4.cxd5 Nxd5 5.e4 Nxc3 6.bxc3 Bg7 7.Nf3 c5 8.Rb1 O-O
9.Be2 cxd4 10.cxd4 Qa5+ 11.Bd2 Qxa2 12.O-O Nd7 13.Bb4 Nb6 14.Bxe7 Re8 15.Ra1 Qe6
16.Bc5 Qxe4 17.Bxb6 Qxe2 18.Qxe2 Rxe2 19.Bxa7 Be6 20.Bc5 Raa2 21.Rxa2 Rxa2
22.Ng5 Bd5 23.Re1 Ra8 24.f3 h6 25.Ne4 Ra4 26.Nc3 Rxd4 27.Re8+ Kh7 28.Re7 Rc4
29.Nxd5 Rxc5 30.Nf4 Rf5 31.Nd3 b5 32.Kf2 h5 33.Rb7 Bd4+ 34.Ke2 h4 35.g4 hxg3
36.hxg3 Kg7 37.g4 Rd5 38.f4 Bc3 39.Ke3 g5 40.f5 Bf6 41.Ke4 Rd4+ 42.Ke3 Rxg4
43.Rxb5 Rg3+ 44.Ke4  1/2-1/2

[Event "Open A"]
[Site "Hamburg GER"]
[Date "2005.10.07"]
[Round "7"]
[White "Degtiarev,E"]
[Black "Ernst,T"]
[Result "1/2-1/2"]
[WhiteElo "2372"]
[BlackElo "2475"]

1.d4 Nf6 2.c4 g6 3.Nc3 d5 4.cxd5 Nxd5 5.e4 Nxc3 6.bxc3 Bg7 7.Bc4 c5 8.Ne2 Nc6
9.Be3 O-O 10.O-O Bg4 11.f3 Na5 12.Bd3 cxd4 13.cxd4 Be6 14.d5 Bxa1 15.Qxa1 f6
16.Qd4 Bf7 17.Bh6 Re8 18.Bb5 e5 19.Qf2 Re7 20.f4 Qb6 21.Qxb6 axb6 22.fxe5 Rxe5
23.Ng3 f5 24.Bf4 Rxe4 25.Nxe4 fxe4 26.d6 Nc6 27.Rd1 Rd8 28.a4 Bb3 29.Rb1 Bd5
30.Bf1 Kf7 31.Rxb6 Nd4 32.Kf2 Ke6 33.g3 Nf5 34.Bh3 Bc6 35.Bf1 Nxd6 36.a5 Nc8
37.Bh3+ Kf6 38.Bxc8 Rxc8 39.a6 bxa6 40.Rxa6 Ke6 41.Ke3 Kd5 42.Ra5+  1/2-1/2

[Event "Open A"]
[Site "Hamburg GER"]
[Date "2005.10.07"]
[Round "7"]
[White "Oud,N"]
[Black "Schwerdtfeger,W"]
[Result "1/2-1/2"]
[WhiteElo "2110"]
[BlackElo "1888"]

1.d4 Nf6 2.c4 g6 3.Nc3 d5 4.cxd5 Nxd5 5.e4 Nxc3 6.bxc3 Bg7 7.Bc4 O-O 8.Ne2 c5
9.Be3 cxd4 10.cxd4 Nc6 11.O-O Na5 12.Bd3 e6 13.Rc1 b6 14.Qd2 Bb7 15.Bh6 Rc8
16.Bxg7 Kxg7 17.Qf4 Qf6 18.Qg3 Kh8 19.h4 Nc6 20.e5 Qe7 21.Rfd1 Nb4 22.Bb1 Nd5
23.h5 gxh5 24.Qh3 Qg5 25.Be4 Rxc1 26.Nxc1 Nf4 27.Qf3 Bxe4 28.Qxe4 Nd5 29.Ne2 Qg4
30.Qxg4 hxg4 31.Rc1 Kg7 32.Ng3 Kg6 33.Ne4 h6 34.Nd6 Rb8 35.g3 b5 36.Rc5 a6
37.Kg2 Ra8 38.f3 gxf3+ 39.Kxf3 Ra7 40.Rc6 Nb4 41.Rc3 Nd5 42.Rc6 b4 43.Rc8 a5
44.Rg8+ Kh7 45.Rb8 Nc3 46.Nb5 Rd7 47.Ke3 Nxa2 48.Ra8 Nc3 49.Nxc3 bxc3 50.Rxa5 Rb7
51.Rc5 Rb3 52.Kf4 Kg6 53.g4 Rb4 54.Ke4 Rb1 55.Rxc3 Kg5 56.Rf3 Re1+ 57.Kd3 Kg6
58.Rf6+ Kg7 59.Rf4 Rg1 60.Ke3 Rg3+ 61.Kf2 Ra3 62.Ke2 Rc3 63.Kf2 Rc7 64.Rf6 Rd7
65.Ke3 Ra7 66.Ke2 Ra1 67.Kf2 Rb1  1/2-1/2

[Event "TCh-FIN 2005-6"]
[Site "Helsinki FIN"]
[Date "2005.10.08"]
[Round "3"]
[White "Nyback,T"]
[Black "Norri,J"]
[Result "0-1"]
[WhiteElo "2563"]
[BlackElo "2366"]

1.d4 Nf6 2.c4 g6 3.Nc3 d5 4.cxd5 Nxd5 5.e4 Nxc3 6.bxc3 Bg7 7.Nf3 O-O 8.Be2 b6
9.O-O Bb7 10.Qd3 Qd7 11.Bf4 Nc6 12.Rad1 e6 13.Qe3 Na5 14.Ne5 Qe7 15.Rfe1 Nc6
16.Nf3 e5 17.Bg3 Rad8 18.Bc4 exd4 19.cxd4 Na5 20.Bf1 Rfe8 21.Bb5 c6 22.Bf1 Qb4
23.Qg5 h6 24.Qc1 c5 25.dxc5 Rxd1 26.Rxd1 Qxc5 27.Qxc5 bxc5 28.Rc1 Rxe4 29.Rxc5 Ra4
30.Rc2 Bd5 31.Rc7 Nc6 32.Rd7 Be6 33.Rc7 Nb4 34.a3 Rxa3 35.Bd6 a5 36.Ra7 Ra1
37.Nd2 Bc3 38.Ne4 Bc4 39.Ng3 Bxf1 40.Nxf1 Nc2 41.Rc7 Nd4 42.g3 Nb5 43.Rc5 Nxd6
44.Rxc3 a4 45.Kg2 a3 46.Ne3 Nb5 47.Rc8+ Kg7 48.Ra8 Nd4 49.Nd5 g5 50.h3 f5
51.Ra4 Nc2 52.Kf3 Rb1 53.Ne3 Rb3 54.Ke2 Nxe3 55.fxe3 Rb2+ 56.Kf3 a2 57.g4 fxg4+
58.hxg4 Kf6 59.Ra5 Ke6 60.Ke4 Kd6 61.Ra6+ Kc5  0-1

[Event "5th ch-Asian"]
[Site "Hyderabad IND"]
[Date "2005.10.08"]
[Round "3"]
[White "Poobesh Anand,S"]
[Black "Pg,Mohd Omar Ak Hira"]
[Result "1-0"]
[WhiteElo "2397"]
[BlackElo "2194"]

1.d4 Nf6 2.c4 g6 3.Nc3 d5 4.cxd5 Nxd5 5.e4 Nxc3 6.bxc3 Bg7 7.Be3 c5 8.Qd2 Qa5
9.Rc1 O-O 10.Nf3 Rd8 11.d5 e6 12.c4 Qxd2+ 13.Nxd2 Na6 14.Rd1 b6 15.a3 Bb2
16.Nb1 f5 17.f3 fxe4 18.fxe4 exd5 19.cxd5 Re8 20.Nd2 Nb8 21.Bd3 Bxa3 22.O-O Bb2
23.Nc4 Bg7 24.Nd6 Rd8 25.Nxc8 Rxc8 26.Bc4 Nd7 27.d6+ Kh8 28.Be6 Rd8 29.Bg5 b5
30.Bxd8 Rxd8 31.Bxd7 Rxd7 32.Rd5 Bd4+ 33.Kh1 Kg7 34.e5 Bxe5 35.Rxe5 Rxd6
36.Rxc5 a6 37.h3 Rb6 38.Rfc1 a5 39.Rc6 Rb8 40.Rc8 Rb6 41.R1c6  1-0

[Event "Bygger'n Masters"]
[Site "Gausdal NOR"]
[Date "2005.10.09"]
[Round "9"]
[White "Aandal,K"]
[Black "Harstad,C"]
[Result "1-0"]
[WhiteElo "1941"]
[BlackElo "2078"]

1.d4 Nf6 2.c4 g6 3.Nc3 d5 4.cxd5 Nxd5 5.e4 Nxc3 6.bxc3 Bg7 7.Bc4 c5 8.Ne2 O-O
9.O-O Nc6 10.Be3 Qc7 11.Rc1 Rd8 12.Bf4 Qd7 13.d5 Na5 14.Bb3 c4 15.Bc2 b5
16.Rb1 Ba6 17.Qc1 Bc8 18.Qa3 Nb7 19.Rfd1 g5 20.Be3 h6 21.Nd4 Bxd4 22.Bxd4 f6
23.e5 fxe5 24.Bxe5 Nd6 25.Qc1 Nf7 26.Bd4 Bb7 27.Bh7+ Kf8 28.Qc2 Qd6 29.Rxb5 Ba6
30.Rc5 Rac8 31.Qf5 Rxc5 32.Bg6 Qxd5 33.Bg7+ Ke8 34.Rxd5 Rdxd5 35.Bxf7+ Kd8
36.Bxd5  1-0

[Event "5th ch-Asian"]
[Site "Hyderabad IND"]
[Date "2005.10.09"]
[Round "4"]
[White "Singh,DP"]
[Black "Gopal,G"]
[Result "1-0"]
[WhiteElo "2368"]
[BlackElo "2327"]

1.d4 Nf6 2.c4 g6 3.Nc3 d5 4.cxd5 Nxd5 5.e4 Nxc3 6.bxc3 Bg7 7.Nf3 c5 8.Be2 O-O
9.O-O b6 10.Be3 Nd7 11.e5 e6 12.Ng5 Bb7 13.Bf3 Qc7 14.Re1 Rad8 15.Qe2 Qb8
16.Rab1 Qa8 17.Bxb7 Qxb7 18.f3 Qc6 19.Qa6 Qc7 20.Qa3 Rb8 21.Ne4 b5 22.Rbc1 a5
23.h3 Qc6 24.Bg5 Rfc8 25.Nd6 Rc7 26.Qxa5 Bf8 27.Bf4 Bxd6 28.exd6 Rbc8 29.c4 bxc4
30.Rxc4 Ra8 31.Qd2 Ra4 32.Rec1 Rxc4 33.Rxc4 Qd5 34.Qc3 Rc6 35.dxc5 Rxc5 36.Rxc5 Qxc5+
37.Qxc5 Nxc5 38.Be3 Nd7 39.a4 Kf8 40.Ba7 Ke8 41.a5 Kd8 42.a6 Kc8 43.Kf2 Ne5
44.Ke2 Nc6 45.Bc5 h5 46.a7  1-0

[Event "5th ch-Asian"]
[Site "Hyderabad IND"]
[Date "2005.10.09"]
[Round "4"]
[White "Sivanandan,B"]
[Black "Ganguly,S"]
[Result "1/2-1/2"]
[WhiteElo "2467"]
[BlackElo "2562"]

1.d4 Nf6 2.c4 g6 3.Nc3 d5 4.cxd5 Nxd5 5.e4 Nxc3 6.bxc3 Bg7 7.Nf3 c5 8.Rb1 O-O
9.Be2 b6 10.O-O Bb7 11.Qd3 Ba6 12.Qe3 Qd7 13.dxc5 Bxe2 14.Qxe2 bxc5 15.Qc4 Qc6
16.Be3 Nd7 17.Rfd1 Rfc8 18.Rb5 Nb6 19.Qxc5 Qxe4 20.Qb4 Qc2 21.Rc1 Qxa2 22.Bxb6 axb6
23.Qxe7 Rxc3 24.Rcb1 Rc6 25.h4 Bf8 26.Qe4 Rc2 27.Rxb6 Rxf2 28.R6b2 Rxb2 29.Rxb2 Qa7+
30.Kh1 Rc8 31.Rb1 Qa6 32.Qd5 Qf6 33.Qe5 Qc6 34.Rb8 Rxb8 35.Qxb8 h6 36.Qf4 Qa6
37.Qb8 Kg7 38.Qb2+ Kh7 39.Qb1 Qa5 40.Qd1 Qf5 41.Qd4 Be7 42.Qe5 Qd7 43.h5 Bd6
44.hxg6+ fxg6 45.Qd5 Qe7 46.Qd4 Qc7 47.Qe4 Qc1+ 48.Qe1 Qf4 49.Qe6 Qc1+ 50.Qe1 Qc5
51.Qe6 Qh5+ 52.Qh3 Qb5 53.Qe6 Qf1+ 54.Ng1 Bf8 55.Kh2 Qf4+ 56.Kh1 h5 57.Nf3 Bg7
58.Qe7 Kh6 59.Qe2 Bc3 60.Qc2 Qe3 61.Qd1 g5 62.Qd6+ Kg7 63.Qd7+ Kg6 64.Qd5 h4
65.Qxg5+ Qxg5 66.Nxg5 Kxg5 67.Kh2 Bd4 68.g4  1/2-1/2

[Event "FSIMA October"]
[Site "Budapest HUN"]
[Date "2005.10.10"]
[Round "10"]
[White "Varga,Cs2"]
[Black "Keschitz,G"]
[Result "0-1"]
[WhiteElo "2279"]
[BlackElo "2257"]

1.d4 Nf6 2.c4 g6 3.Nc3 d5 4.cxd5 Nxd5 5.e4 Nxc3 6.bxc3 Bg7 7.Nf3 c5 8.Rb1 O-O
9.Be2 cxd4 10.cxd4 Qa5+ 11.Bd2 Qxa2 12.O-O b6 13.Bg5 Bb7 14.Rc1 Bxe4 15.Bxe7 Re8
16.Bb4 Qd5 17.Bc4 Qd7 18.Qb3 b5 19.Be2 Bd5 20.Qb2 a6 21.Ne5 Qb7 22.Bd6 Bxg2
23.Rc7 Qd5 24.Rfc1 Be4 25.Be7 Bxe5 26.dxe5 Nd7 27.Qb4 Qxe5 28.Bh4 Nb6 29.Bg4 h5
30.Bh3 Nc4 31.Rc5 Qd4 32.Bd7  0-1

[Event "5th ch-Asian"]
[Site "Hyderabad IND"]
[Date "2005.10.12"]
[Round "6"]
[White "Lukey,S"]
[Black "Palit,S"]
[Result "0-1"]
[WhiteElo "2286"]
[BlackElo "2312"]

1.d4 Nf6 2.c4 g6 3.Nc3 d5 4.cxd5 Nxd5 5.e4 Nxc3 6.bxc3 Bg7 7.Nf3 c5 8.Rb1 O-O
9.Be2 b6 10.O-O Bb7 11.Qd3 Ba6 12.Qe3 Qd7 13.Bxa6 Nxa6 14.Rd1 Rfd8 15.Qe2 Qa4
16.Bg5 Rd7 17.d5 Nc7 18.c4 e5 19.h4 Ne8 20.h5 Nd6 21.hxg6 Qxc4 22.gxf7+ Rxf7
23.Qxc4 Nxc4 24.d6 Rd7 25.Nd2 Nxd2 26.Rxd2 Re8 27.Rb3 Re6 28.Be7 Bf6 29.Bxf6 Rxf6
30.Rd5 Re6 31.Rg3+ Kf7 32.Rf3+ Ke8 33.Rf5 Rdxd6 34.Rxd6 Rxd6 35.Rxe5+ Kf7
36.Rh5 Kg6 37.Rh3 c4 38.Kf1 Rd2 39.Ra3 a5 40.Rc3 b5 41.a4 b4 42.Rxc4 b3 43.Rc6+ Kf7
44.Ke1 b2 45.Kxd2 b1=Q 46.Ke3 Qb3+ 47.Kf4 Qxa4 48.Rc7+ Kg6 49.g4 Qe8 50.e5 a4
51.Ra7 Qb5 52.f3 a3 53.Ra8 Qc4+ 54.Kg3 a2 55.Kh4 Qd5 56.Ra6+ Kf7 57.e6+ Qxe6
58.Rxe6 Kxe6  0-1

[Event "5th ch-Asian"]
[Site "Hyderabad IND"]
[Date "2005.10.13"]
[Round "7"]
[White "Sasikiran,K"]
[Black "Gupta,Ab"]
[Result "1-0"]
[WhiteElo "2663"]
[BlackElo "2404"]

1.d4 Nf6 2.c4 g6 3.Nc3 d5 4.cxd5 Nxd5 5.e4 Nxc3 6.bxc3 Bg7 7.Nf3 O-O 8.Be2 c5
9.Rb1 cxd4 10.cxd4 Qa5+ 11.Bd2 Qxa2 12.O-O Bg4 13.Bg5 h6 14.Be3 Nc6 15.d5 Bxf3
16.gxf3 Nd4 17.Bd3 Qa3 18.f4 Nf3+ 19.Kg2 Nh4+ 20.Kh1 Rfd8 21.Rxb7 e6 22.Bc4 Rac8
23.Rxa7 Qc3 24.Ba2 Ra8 25.Rxa8 Rxa8 26.dxe6 fxe6 27.Bxe6+ Kh7 28.Bd5 Ra5
29.Rg1  1-0

[Event "5th ch-Asian"]
[Site "Hyderabad IND"]
[Date "2005.10.14"]
[Round "8"]
[White "Gnusarev,P"]
[Black "Palit,S"]
[Result "1/2-1/2"]
[WhiteElo "2426"]
[BlackElo "2312"]

1.d4 Nf6 2.c4 g6 3.Nc3 d5 4.cxd5 Nxd5 5.e4 Nxc3 6.bxc3 Bg7 7.Qa4+ c6 8.Nf3 O-O
9.Qa3 b6 10.Be2 c5 11.O-O cxd4 12.cxd4 Nc6 13.Bg5 Re8 14.Bb5 Bd7 15.Qa4 Nb8
16.Rac1 a6 17.Bxd7 Nxd7 18.Rfd1 b5 19.Qb4 Rc8 20.h3 h6 21.Bf4 e6 22.Qd2 Kh7
23.Rxc8 Qxc8 24.Rc1 Qd8 25.Rc6 Qa8 26.Rc7 Rd8 27.d5 exd5 28.exd5 Nf6 29.d6 Qd5
30.Qc1 Ne4 31.Qc6 Qd1+ 32.Kh2 Nxd6 33.Qxa6 Qd5 34.Qc6  1/2-1/2

[Event "Goodbye Summer Open"]
[Site "Omis CRO"]
[Date "2005.10.14"]
[Round "7"]
[White "Jovanic,O"]
[Black "Rogulj,B"]
[Result "1-0"]
[WhiteElo "2469"]
[BlackElo "2393"]

1.d4 Nf6 2.c4 g6 3.Nc3 d5 4.cxd5 Nxd5 5.e4 Nxc3 6.bxc3 Bg7 7.Bc4 c5 8.Ne2 Nc6
9.Be3 cxd4 10.cxd4 Qa5+ 11.Bd2 Qd8 12.Bc3 O-O 13.O-O Bg4 14.f3 Bd7 15.Rb1 Qc7
16.Bd3 Rad8 17.Qb3 Bc8 18.d5 Ne5 19.Rfd1 Qc5+ 20.Kh1 Nxd3 21.Rxd3 Bxc3 22.Qxc3 Qd6
23.Nd4 a6 24.Nb3 Bd7 25.e5 Qb8 26.Re1 Bf5 27.Rd2 Rc8 28.Qb4 Rfe8 29.g4 Bd7
30.Qd4 Red8 31.Kg2 Bb5 32.d6 b6 33.Qf4 Qb7 34.Qg5 Rd7 35.Nd4 e6 36.h4 Rc5
37.h5 Bc4 38.Qf6 Qa8 39.hxg6 fxg6 40.Nxe6 Rc8 41.Nd4 Rf8 42.Qg5 Rdf7 43.Re3 Bd5
44.Nf5 Rxf5 45.gxf5 Rxf5 46.Qg3 Be6 47.d7 Rf8 48.Rd6 Kf7 49.Qh4  1-0

[Event "TCh-CZE Extraliga 2005-6"]
[Site "Czech Rep CZE"]
[Date "2005.10.15"]
[Round "1"]
[White "Wojtaszek,R"]
[Black "Macieja,B"]
[Result "0-1"]
[WhiteElo "2606"]
[BlackElo "2592"]

1.d4 Nf6 2.c4 g6 3.Nc3 d5 4.cxd5 Nxd5 5.e4 Nxc3 6.bxc3 Bg7 7.Nf3 c5 8.Rb1 O-O
9.Be2 Nd7 10.O-O Nf6 11.Bd3 b6 12.h3 Bb7 13.Qe2 e6 14.a4 Qc7 15.a5 bxa5 16.Ba3 Nd7
17.Rfd1 Rab8 18.Bb5 Bc6 19.d5 exd5 20.exd5 Bxb5 21.Rxb5 Bxc3 22.d6 Qc6 23.Rxb8 Rxb8
24.Bc1 Qb5 25.Rd3 Bg7 26.Kh2 a4 27.Qd1 Qc4 28.Bg5 h6 29.Bh4 Rb3 30.Rd2 Rxf3
31.Qxf3 Qxh4 32.g3 Qd8 33.Re2 Kf8 34.Qd3 Nb6 35.Rd2 Qd7  0-1

[Event "Goodbye Summer Open"]
[Site "Omis CRO"]
[Date "2005.10.15"]
[Round "8"]
[White "Saric,A"]
[Black "Jankovic,A"]
[Result "1/2-1/2"]
[WhiteElo "2437"]
[BlackElo "2446"]

1.d4 Nf6 2.c4 g6 3.Nc3 d5 4.cxd5 Nxd5 5.e4 Nxc3 6.bxc3 Bg7 7.Nf3 O-O 8.Rb1 c5
9.Be2 cxd4 10.cxd4 Qa5+ 11.Qd2 Qxd2+ 12.Bxd2 b6 13.O-O Bb7 14.d5 Rc8 15.Rfc1 Nd7
16.Be3 Nf6 17.Nd2 e6 18.dxe6 Nxe4 19.Bf3 Nd6 20.exf7+ Kxf7 21.Nc4  1/2-1/2

[Event "TCh-HUN 2005-6"]
[Site "Hungary HUN"]
[Date "2005.10.16"]
[Round "1"]
[White "Lukacs,P"]
[Black "Flumbort,A"]
[Result "1/2-1/2"]
[WhiteElo "2412"]
[BlackElo "2448"]

1.d4 Nf6 2.c4 g6 3.Nc3 d5 4.cxd5 Nxd5 5.e4 Nxc3 6.bxc3 Bg7 7.Qa4+ Qd7 8.Qb3 O-O
9.Nf3 c5 10.Be3 b6 11.Rd1 cxd4 12.cxd4 Bb7 13.Bd3 Nc6 14.O-O Na5 15.Qb1 Rac8
16.d5 Nc4 17.Bd4  1/2-1/2

[Event "Chigorin Mem"]
[Site "St Petersburg RUS"]
[Date "2005.10.17"]
[Round "3"]
[White "Kosov,Ig"]
[Black "Kosarev,D"]
[Result "0-1"]
[WhiteElo "1664"]
[BlackElo "2177"]

1.d4 Nf6 2.c4 g6 3.Nc3 d5 4.cxd5 Nxd5 5.e4 Nxc3 6.bxc3 Bg7 7.Ba3 b6 8.Bc4 O-O
9.Ne2 Bb7 10.f3 Re8 11.O-O Nc6 12.Qb3 e6 13.Bb5 Na5 14.Qc2 Bc6 15.Bxc6 Nxc6
16.Rfd1 Na5 17.Rac1 b5 18.d5 Qc8 19.dxe6 Qxe6 20.Bc5 Nc4 21.Rd3 Ne5 22.Rdd1 a6
23.Bd4 Qc4 24.h3 c5 25.Be3 Rad8 26.Rxd8 Rxd8 27.Rd1 Rd3 28.Rxd3 Nxd3 29.Qd2 h5
30.a3 a5 31.Bf2 a4 32.Be3 b4 33.cxb4 cxb4 34.axb4 a3 35.Nf4 a2 36.Nxd3 a1=Q+  0-1

[Event "SCG First League m"]
[Site "Vrnjacka Banja SCG"]
[Date "2005.10.17"]
[Round "1"]
[White "Damljanovic,B"]
[Black "Ivanovic,B"]
[Result "1-0"]
[WhiteElo "2609"]
[BlackElo "2436"]

1.c4 Nf6 2.Nc3 d5 3.cxd5 Nxd5 4.d4 g6 5.e4 Nxc3 6.bxc3 Bg7 7.Bc4 c5 8.Ne2 cxd4
9.cxd4 Nc6 10.Be3 O-O 11.O-O Bg4 12.f3 Na5 13.Bd3 Be6 14.d5 Bxa1 15.Qxa1 f6
16.Rb1 Bd7 17.Bh6 e5 18.Bxf8 Kxf8 19.f4 exf4 20.Nxf4 Qe7 21.Rf1 Kg8 22.Qc3 b6
23.Qc7 Qc5+ 24.Qxc5 bxc5 25.Ne2 Kg7 26.Rc1 Rc8 27.Ba6 Rc7 28.Rc3 Kf7 29.Kf2 Ke7
30.Ke3 Bc8 31.Bxc8 Rxc8 32.Kf4 c4 33.Ra3 Rc5 34.Nc3 Kd6 35.g4 h6 36.h4 Kd7
37.g5 hxg5+ 38.hxg5 fxg5+ 39.Kxg5 Nc6 40.Kf6 Na5 41.e5 a6 42.Kxg6  1-0

[Event "Chigorin Mem"]
[Site "St Petersburg RUS"]
[Date "2005.10.18"]
[Round "4"]
[White "Serov,M"]
[Black "Karasev,V"]
[Result "1-0"]
[WhiteElo "2212"]
[BlackElo "2383"]

1.d4 Nf6 2.c4 g6 3.Nc3 d5 4.cxd5 Nxd5 5.e4 Nxc3 6.bxc3 Bg7 7.Bc4 O-O 8.Ne2 Qd7
9.O-O b6 10.Be3 Bb7 11.f3 Nc6 12.Qd2 Na5 13.Bd3 c5 14.Bh6 cxd4 15.Bxg7 Kxg7
16.cxd4 Rac8 17.Rac1 e6 18.h4 Rxc1 19.Qxc1 Nc6 20.Bb5 Nxd4 21.Qa1 Qe7 22.Qxd4+ e5
23.Qb2 Rd8 24.Rc1 a6 25.Bc4 b5 26.Bb3 b4 27.Nf4 Rd4 28.Ne2 Rd8 29.Nf4 Rd4
30.Qf2 a5 31.Nd5 Bxd5 32.Bxd5 a4 33.f4 f5 34.fxe5 Qxe5 35.Re1 fxe4 36.Qf7+ Kh6
37.Qf8+ Kh5 38.Bxe4 Kxh4 39.Qh6+ Qh5 40.Qf4+ Qg4 41.Qh2+ Kg5 42.Qe5+  1-0

[Event "Open A"]
[Site "Arco HUN"]
[Date "2005.10.22"]
[Round "1"]
[White "Bozzao,F"]
[Black "Mazet,J"]
[Result "0-1"]
[WhiteElo "1941"]
[BlackElo "2250"]

1.d4 Nf6 2.c4 g6 3.Nc3 d5 4.cxd5 Nxd5 5.e4 Nxc3 6.bxc3 Bg7 7.Bc4 O-O 8.Be3 Nc6
9.Ne2 b6 10.O-O Bb7 11.f3 Na5 12.Bd3 Qd6 13.Qd2 c5 14.Rac1 Rfd8 15.Rfd1 e6
16.Bg5 Rd7 17.e5 Qf8 18.Qe3 Bd5 19.Bb5 Rc7 20.c4 cxd4 21.Qxd4 Bc6 22.Qd6 Rac8
23.Bd8 Rd7 24.Qxf8+ Bxf8 25.Rxd7 Bxd7 26.Bf6 Bxb5 27.cxb5 Rxc1+ 28.Nxc1 Nc4
29.g3 Na3 30.Bd8 Nxb5 31.a4 Nd4 32.Nd3 Nxf3+ 33.Kg2 Nd4 34.Bc7 Nc6 35.Nf2 Bc5
36.Ne4 Be7 37.Nd6 Nxe5 38.Nc8 Nc6 39.Bxb6 axb6 40.Nxb6 Kf8  0-1

[Event "5th Rohde Open"]
[Site "Sautron FRA"]
[Date "2005.10.22"]
[Round "1"]
[White "Vernay,C"]
[Black "Le Gallo,F"]
[Result "1-0"]
[WhiteElo "2275"]
[BlackElo "2017"]

1.d4 Nf6 2.c4 g6 3.Nc3 d5 4.cxd5 Nxd5 5.e4 Nxc3 6.bxc3 Bg7 7.Nf3 O-O 8.Be2 c5
9.Rb1 Qa5 10.Rb5 Qxa2 11.Rxc5 b6 12.Rb5 Bd7 13.Rb2 Qa3 14.Qd2 Qd6 15.h4 a5
16.Ra2 Nc6 17.h5 Rfc8 18.Ba3 Qc7 19.hxg6 hxg6 20.Ra1 a4 21.Qe3 Na5 22.Bb4 Nc6
23.Ba3 Na5 24.Bb4 Nc6 25.Ba3 Na5 26.Rc1 Bg4 27.e5 Ra7 28.Qf4 Bxf3 29.Bxf3 Nb3
30.Bd5 e6 31.Qh4 Nc5 32.Be4 g5 33.Bh7+ Kf8 34.Qxg5  1-0

[Event "5th Rohde Open"]
[Site "Sautron FRA"]
[Date "2005.10.22"]
[Round "1"]
[White "Batard,D"]
[Black "Berthelot,Y"]
[Result "0-1"]
[WhiteElo "2021"]
[BlackElo "2307"]

1.d4 Nf6 2.c4 g6 3.Nc3 d5 4.cxd5 Nxd5 5.e4 Nxc3 6.bxc3 Bg7 7.Be3 c5 8.Qd2 Qa5
9.Nf3 O-O 10.Rb1 cxd4 11.cxd4 Qxd2+ 12.Nxd2 e6 13.Bc4 Nc6 14.d5 Na5 15.dxe6 Nxc4
16.exf7+ Rxf7 17.Nxc4 Be6 18.Nd6 Rd7 19.Bf4 g5 20.Bg3 Rad8 21.O-O Bxa2 22.Rxb7 Rxb7
23.Nxb7 Rd2 24.h4 Rb2 25.Nd6 gxh4 26.Bxh4 a5 27.Rc1 Rb8 28.Rc8+ Rxc8 29.Nxc8 a4
30.Be7 Bb3 31.Nb6 Bb2 32.Nxa4 Bxa4  0-1

[Event "Chigorin Mem"]
[Site "St Petersburg RUS"]
[Date "2005.10.22"]
[Round "8"]
[White "Yevseev,D"]
[Black "Vokarev,S"]
[Result "1-0"]
[WhiteElo "2554"]
[BlackElo "2488"]

1.d4 Nf6 2.c4 g6 3.Nc3 d5 4.cxd5 Nxd5 5.e4 Nxc3 6.bxc3 Bg7 7.Bc4 c5 8.Ne2 Nc6
9.Be3 cxd4 10.cxd4 Qa5+ 11.Bd2 Qd8 12.Bc3 O-O 13.Qd2 Bg4 14.f3 Bd7 15.h4 Rc8
16.Bb3 b5 17.h5 Qb6 18.hxg6 hxg6 19.d5 Ne5 20.Bd4 Qd6 21.Rd1 a6 22.Qg5 f6
23.Qg3 Kf7 24.f4 Nc4 25.O-O f5 26.Bxg7 Kxg7 27.e5 Qc5+ 28.Nd4 Nb2 29.Rd2 Nc4
30.Rdd1 Nb2 31.Rd2 Nc4 32.Bxc4 Qxc4 33.Qe3 Kg8 34.Rfd1 b4 35.Qg3 Kg7 36.Rc2 Qxc2
37.Nxc2 Rxc2 38.Qb3 Rfc8 39.Qxb4 Kf8 40.e6 Bb5 41.d6 exd6 42.Qxd6+ Kg7 43.Qe7+ Kh6
44.Rd7  1-0

[Event "Essent Open"]
[Site "Hoogeveen NED"]
[Date "2005.10.24"]
[Round "4"]
[White "Naumkin,I"]
[Black "Pruijssers,R"]
[Result "1-0"]
[WhiteElo "2445"]
[BlackElo "2310"]

1.d4 Nf6 2.c4 g6 3.Nc3 d5 4.cxd5 Nxd5 5.e4 Nxc3 6.bxc3 Bg7 7.Bc4 c5 8.Ne2 Nc6
9.Be3 O-O 10.O-O Bg4 11.f3 cxd4 12.cxd4 Na5 13.Bxf7+ Rxf7 14.fxg4 Rxf1+ 15.Kxf1 e5
16.d5 Nc4 17.Bf2 Qf6 18.Kg1 Rf8 19.Qe1 Bh6 20.Ng3 Qa6 21.Kh1 Qa3 22.Qe2 b5
23.Nf1 Rc8 24.h4 Bc1 25.Rb1 Nd6 26.g5 Qa4 27.Qg4 Qc2 28.Qe6+ Nf7 29.Rxb5 Rd8
30.Kg1 Qxe4 31.Ng3 Qd3 32.Rb7 Qxd5 33.Qxd5 Rxd5 34.Ne4 Rd1+ 35.Kh2 a5 36.Bc5 h6
37.h5 Bxg5 38.hxg6 Nh8 39.g7 Nf7 40.Ra7 Bd8 41.Bf8 Re1 42.Ng3 Bg5 43.Nf5 Rf1
44.g4 Rf2+ 45.Kh1 Rd2 46.Rxa5 h5 47.Ra8 Rd8 48.Rxd8 Nxd8 49.gxh5 Ne6 50.h6 Nxf8
51.gxf8=Q+ Kxf8 52.h7 Bf6 53.Kg2 Kf7 54.a4 Ke6 55.a5 Kd5 56.a6 Kc6 57.Ne7+  1-0

[Event "5th Rohde Open"]
[Site "Sautron FRA"]
[Date "2005.10.24"]
[Round "3"]
[White "Sanchez,N"]
[Black "Le Gallo,F"]
[Result "1-0"]
[WhiteElo "2179"]
[BlackElo "2017"]

1.d4 Nf6 2.c4 g6 3.Nc3 d5 4.cxd5 Nxd5 5.e4 Nxc3 6.bxc3 Bg7 7.Bc4 c5 8.Ne2 O-O
9.O-O Nd7 10.Be3 Qa5 11.Rb1 a6 12.a4 Nb6 13.Bb3 c4 14.Bc2 Bd7 15.Rb4 Rac8
16.d5 Na8 17.Rxb7 Rfd8 18.Qa1 e6 19.Rd1 Rb8 20.Rxb8 Rxb8 21.dxe6 Bxe6 22.Rb1 Re8
23.Nd4 Nc7 24.Rb7 Bc8 25.Nc6 Qh5 26.Rxc7  1-0

[Event "5th Rohde Open"]
[Site "Sautron FRA"]
[Date "2005.10.25"]
[Round "4"]
[White "Serralta,M"]
[Black "Edouard,R"]
[Result "0-1"]
[WhiteElo "2084"]
[BlackElo "2338"]

1.d4 Nf6 2.c4 g6 3.Nc3 d5 4.cxd5 Nxd5 5.e4 Nxc3 6.bxc3 Bg7 7.Bc4 c5 8.Ne2 O-O
9.O-O Nc6 10.Be3 Bd7 11.Qd2 a6 12.dxc5 Qc8 13.Bh6 Bxh6 14.Qxh6 Na5 15.Bd5 Qxc5
16.Nf4 Qxc3 17.Rac1 Qg7 18.Qxg7+ Kxg7 19.Rc7 Rfd8 20.h3 Rac8 21.Rfc1 Kf8
22.Kh2 Bc6 23.Rxc8 Rxc8 24.Kg3 e6 25.Bxc6 Rxc6 26.Rxc6 Nxc6 27.Nd3 b6 28.Kf4 f6
29.Ke3 Ke7 30.f4 Kd6 31.g4 b5 32.h4 h6 33.Nf2 Nb4 34.e5+ fxe5 35.Ne4+ Ke7
36.fxe5 Nxa2 37.Kd4 Nb4 38.Nd6 Nc6+ 39.Ke4 b4 40.Nc4  0-1

[Event "USCL"]
[Site "ICC INT"]
[Date "2005.10.26"]
[Round "9"]
[White "Enhbat,T"]
[Black "Braylovsky,G"]
[Result "0-1"]
[WhiteElo "2388"]
[BlackElo "2336"]

1.d4 Nf6 2.c4 g6 3.Nc3 d5 4.cxd5 Nxd5 5.e4 Nxc3 6.bxc3 Bg7 7.Bc4 c5 8.Ne2 O-O
9.O-O Nc6 10.Be3 Bg4 11.f3 Na5 12.Bxf7+ Rxf7 13.fxg4 Rxf1+ 14.Kxf1 Qd7 15.g5 Nc4
16.Qb3 b5 17.Kg1 Kh8 18.Bf2 Rf8 19.Rd1 Qg4 20.Ng3 Qf4 21.Nh1 Qxg5 22.h4 Qg4
23.e5 Bh6 24.Re1 Nd2 25.Qd1 Nf3+ 26.Kf1 b4 27.cxb4 c4 28.gxf3 Qh3+ 29.Kg1 Bf4
30.Bg3 Bxg3 31.Re2 Rxf3 32.d5 Bxe5 33.Rg2 Rf4 34.Nf2 Qe3  0-1

[Event "Essent Open"]
[Site "Hoogeveen NED"]
[Date "2005.10.28"]
[Round "8"]
[White "Van der Plas,R"]
[Black "Pruijssers,R"]
[Result "1/2-1/2"]
[WhiteElo "2211"]
[BlackElo "2310"]

1.d4 Nf6 2.c4 g6 3.Nc3 d5 4.cxd5 Nxd5 5.e4 Nxc3 6.bxc3 Bg7 7.Nf3 c5 8.Rb1 O-O
9.Be2 Nc6 10.d5 Ne5 11.Nxe5 Bxe5 12.Qd2 e6 13.f4 Bc7 14.O-O exd5 15.Qxd5 Bb6
16.Qxd8 Rxd8 17.Be3 Bd7  1/2-1/2

[Event "5th Rohde Open"]
[Site "Sautron FRA"]
[Date "2005.10.28"]
[Round "7"]
[White "Ouadi,A"]
[Black "Berthelot,Y"]
[Result "0-1"]
[WhiteElo "1948"]
[BlackElo "2307"]

1.d4 Nf6 2.c4 g6 3.Nc3 d5 4.cxd5 Nxd5 5.e4 Nxc3 6.bxc3 Bg7 7.Be3 c5 8.Nf3 O-O
9.Qd2 Qa5 10.Rc1 cxd4 11.cxd4 Qxd2+ 12.Kxd2 Rd8 13.Ke1 e6 14.Bd3 Nc6 15.Rc4 Bd7
16.d5 exd5 17.exd5 Ne7 18.d6 Nf5 19.Bxf5 Bxf5 20.Rc7 Rxd6 21.Rxb7 Bc3+ 22.Bd2 Re8+
23.Kd1 Red8 24.Kc1 Bxd2+ 25.Nxd2 Rxd2  0-1

[Event "9th Bavarian Open"]
[Site "Bad Wiessee GER"]
[Date "2005.10.29"]
[Round "1"]
[White "Braun,A"]
[Black "Bartl,U"]
[Result "1-0"]
[WhiteElo "2465"]
[BlackElo "2042"]

1.d4 Nf6 2.c4 g6 3.Nc3 d5 4.cxd5 Nxd5 5.e4 Nxc3 6.bxc3 Bg7 7.Nf3 c5 8.Rb1 O-O
9.Be2 Nc6 10.d5 Ne5 11.Nxe5 Bxe5 12.Rb3 Qc7 13.Qd2 f6 14.f4 Bd6 15.c4 e6
16.O-O Bd7 17.Bg4 f5 18.exf5 exf5 19.Bb2 Be7 20.Bf3 Rad8 21.d6 Qxd6 22.Qxd6 Bxd6
23.Bd5+  1-0

[Event "ch-Elwood"]
[Site "Elwood AUS"]
[Date "2005.10.29"]
[Round "2"]
[White "Ly,T"]
[Black "Smerdon,D"]
[Result "0-1"]
[WhiteElo "2051"]
[BlackElo "2421"]

1.d4 Nf6 2.c4 g6 3.Nc3 d5 4.cxd5 Nxd5 5.e4 Nxc3 6.bxc3 Bg7 7.Nf3 c5 8.Rb1 Qa5
9.Bd2 Qxa2 10.Be2 Qe6 11.e5 O-O 12.O-O h6 13.Qc1 Kh7 14.Rd1 b6 15.d5 Qxd5
16.Ng5+ hxg5 17.Bf3 Qxe5 18.Bxa8 g4 19.c4 Qc7 20.Be4 f5 21.Bd3 Nc6 22.Bf1 Bb7
23.Bc3 Nd4  0-1

[Event "9th Bavarian Open"]
[Site "Bad Wiessee GER"]
[Date "2005.10.31"]
[Round "3"]
[White "Braun,A"]
[Black "Sailer,W"]
[Result "1-0"]
[WhiteElo "2465"]
[BlackElo "2214"]

1.d4 Nf6 2.c4 g6 3.Nc3 d5 4.cxd5 Nxd5 5.e4 Nxc3 6.bxc3 Bg7 7.Nf3 c5 8.Rb1 O-O
9.Be2 cxd4 10.cxd4 Qa5+ 11.Bd2 Qxa2 12.O-O Bg4 13.Bg5 h6 14.Bh4 Qe6 15.h3 Bxf3
16.Bxf3 Qd7 17.d5 Na6 18.Re1 Nc5 19.e5 Rab8 20.Bg4 Qd8 21.f4 f5 22.exf6 Bxf6
23.Qc2 Qd6 24.Qxg6+ Bg7 25.Qxd6 exd6 26.Be7 Bd4+ 27.Kh2 Rfe8 28.Bh5 Nd3 29.Re4 Bf6
30.Bxe8 Rxe8 31.Re3 Nxf4 32.Rg3+ Kf7 33.Bxf6 Kxf6 34.Rf3 Kg5 35.h4+ Kg4 36.Rb4 Rf8
37.Rf1  1-0